Rozvíjení drobné zemědělské výroby národními výbory některé zkušenosti z Východočeského kraje

Saved in:
Bibliographic Details
Main Author: Brokeš, Slavoj
Other Authors: Hradecký, Jaroslav
Format: Book
Language:Czech
Published: Praha Svoboda 1983
Tags: Add Tag
No Tags, Be the first to tag this record!

MARC

LEADER 00000nam a2200000 4500
001 c114618
005 20230105083754.0
041 0 |a cze 
044 |a CZ 
245 1 0 |a Rozvíjení drobné zemědělské výroby národními výbory  |b některé zkušenosti z Východočeského kraje  |c Slavoj Brokeš, Jaroslav Hradecký 
264 1 |a Praha  |b Svoboda  |c 1983 
300 |a 103 s. 
100 1 |a Brokeš, Slavoj 
700 1 |a Hradecký, Jaroslav